Statistics for Movies with Names in the Title #1

Click here to take the quiz!

General Stats

  • This quiz has been taken 99,561 times
    (99,525 since last reset)
  • The average score is 16 of 27

Answer Stats

Movie% Correct
{Edward} Scissorhands
96%
Kill {Bill}: Vol. 1
95%
Saving Private {Ryan}
94%
The Curious Case of {Benjamin} Button
90%
Good {Will} Hunting
88%
{Lara} Croft: Tomb Raider
88%
When Harry Met {Sally}
86%
There's Something About {Mary}
79%
{Lawrence} of Arabia
71%
{Conan} the Barbarian
70%
{Donnie} Darko
67%
{Paul} Blart: Mall Cop
65%
Me, Myself and {Irene}
60%
Along Came {Polly}
57%
Shallow {Hal}
57%
Cool Hand {Luke}
52%
{Annie} Hall
50%
{Rosemary}'s Baby
50%
Good Luck {Chuck}
49%
The {Thomas} Crowne Affair
49%
I Am {Sam}
43%
{Joe} vs. the Volcano
35%
{Johnny} Mnemonic
35%
What About {Bob}?
31%
{Harold} and Maude
28%
{Michael} Clayton
26%
{Dan} in Real Life
24%

Score Distribution

Percentile by Number Answered

Percent of People with Each Score

Your Score History

You have not taken this quiz since the last reset